Morza Świata - Statystyki

Ogólne statystyki
  • Ten quiz został rozwiązany 18 razy
  • Średni wynik to 10 z 17
Statystyki odpowiedzi
Kontynent Morze % Poprawnych
Europa Morze Bałtyckie
100%
Europa Morze Czarne
94%
Europa Morze Sródziemne
94%
Afryka Morze Czerwone
81%
Europa Morze Północne
75%
Europa Morze Adriatyckie
63%
Europa Morze Jońskie
63%
Europa Morze Norweskie
63%
Azja Morze Arabskie
50%
Ameryka Północna Morze Karaibskie
50%
Azja Morze Kaspijskie
50%
Azja Morze Japońskie
44%
Europa Morze Egejskie
38%
Azja Morze Ochockie
31%
Azja Morze Południowochińskie
31%
Europa Morze Tyrreńskie
31%
Europa Morze Liguryjskie
13%
Nie znaleziono quizów pasujących do podanych kryteriów
Rozkład punktacji
Procent ludzi z każdym wynikiem
Percentyl według liczby udzielonych odpowiedzi
Twoja historia wyników
Nie rozwiązałeś tego quizu